مكتبة جامعة عجلون الوطنية

فهرس بحث المكتبة

التغذية التأهيلية للإصابات الرياضية (Record no. 34076)

MARC details
000 -LEADER
fixed length control field 00848nam a22002057a 4500
003 - CONTROL NUMBER IDENTIFIER
control field JO-AjAnu
005 - DATE AND TIME OF LATEST TRANSACTION
control field 20251022084300.0
008 - FIXED-LENGTH DATA ELEMENTS--GENERAL INFORMATION
fixed length control field 251013b jo ||||| |||| 00| 0 ara d
020 ## - INTERNATIONAL STANDARD BOOK NUMBER
International Standard Book Number 978-9957-66-470-1
022 ## - INTERNATIONAL STANDARD SERIAL NUMBER
International Standard Serial Number 7008/12/2024
040 ## - CATALOGING SOURCE
Original cataloging agency ANU
Transcribing agency JO-AjAnu
041 ## - LANGUAGE CODE
Language code of original ARA
100 ## - MAIN ENTRY--PERSONAL NAME
Personal name هنداوي، محمد صلاح
Relator term مؤلف
9 (RLIN) 66751
245 ## - TITLE STATEMENT
Title التغذية التأهيلية للإصابات الرياضية
Statement of responsibility, etc. / اعداد محمد صلاح هنداوي، وليد حسين حسن محمد
260 ## - PUBLICATION, DISTRIBUTION, ETC.
Place of publication, distribution, etc. عمان :
Name of publisher, distributor, etc. دار الحامد للنشر والتوزيع،
Date of publication, distribution, etc. 2025
300 ## - PHYSICAL DESCRIPTION
Extent 365 صفحة
650 ## - SUBJECT ADDED ENTRY--TOPICAL TERM
Form subdivision الاصابات الرياضية-التأهيل-الفسيولوجيا-العضلات-الطب الرياضي
700 ## - ADDED ENTRY--PERSONAL NAME
Personal name محمد، وليد حسين حسن
Relator term م. مشارك
9 (RLIN) 66812
942 ## - ADDED ENTRY ELEMENTS (KOHA)
Source of classification or shelving scheme Library of Congress Classification
Koha item type Books
Suppress in OPAC No
Holdings
Withdrawn status Lost status Source of classification or shelving scheme Damaged status Not for loan Home library Current library Date acquired Total Checkouts Full call number Barcode Date last seen Price effective from Koha item type
    Library of Congress Classification     مكتبة جامعة عجلون الوطنية مكتبة جامعة عجلون الوطنية 13/10/2025   RD97.2025 A30459 13/10/2025 13/10/2025 Books
    Library of Congress Classification     مكتبة جامعة عجلون الوطنية مكتبة جامعة عجلون الوطنية 13/10/2025   RD97.2025 A30452 13/10/2025 13/10/2025 Books